[Event "Linares 26th"]
[Site "Linares"]
[Date "2009.02.26"]
[Round "7"]
[White "Radjabov, Teimour"]
[Black "Carlsen, Magnus"]
[Result "1/2-1/2"]
[WhiteElo "2761"]
[BlackElo "2776"]
[Annotator "Kritz,Leonid"]
[PlyCount "67"]
[EventDate "2009.02.19"]
[EventType "tourn"]
[EventRounds "14"]
[EventCountry "ESP"]
[EventCategory "21"]
[SourceTitle "CBM 129"]
[Source "ChessBase"]
[SourceDate "2009.03.25"]
[SourceVersion "1"]
[SourceVersionDate "2009.03.25"]
[SourceQuality "1"]

1. e4 e5 2. Nf3 Nc6 3. Bc4 Bc5 {Italienisch ist ein häufiger Gast in der heutigen Turnierpraxis.} (3... Nf6 {ist eine gute Alternative.} 4. d3 (4. Ng5 {verlor einiges an Popularität in der letzten Zeit.} d5 5. exd5 {Schwarz hat mehrere Möglichkeiten, eine gute Kompensation für den geopferten Bauer zu erzielen, eine davon ist} Na5 6. Bb5+ c6 7. dxc6 bxc6 8. Be2 h6 9. Nf3 e4 10. Ne5 Qd4 11. f4 Bc5 $44) 4... Be7 5. O-O O-O 6. Re1 d6 7. a4 Be6 8. a5 a6 $11 {Weiß hat keinen echten Vorteil.}) 4. c3 Nf6 5. d3 (5. d4 {ist eine alte Variante.} exd4 6. cxd4 Bb4+ 7. Bd2 $1 {Etwas Besseres hat Weiß nicht.} (7. Nc3 Nxe4 8. O-O Bxc3 9. d5 Bf6 10. Re1 Ne7 11. Rxe4 d6 12. Bg5 Bxg5 13. Nxg5 h6 14. Qe2 hxg5 15. Re1 Be6 16. dxe6 f6 $17 {Schwarz steht einfach viel besser - seinem Plan c6-d5-d6 hat Weiß nichts entgegenzusetzen.}) 7... Bxd2+ 8. Nbxd2 d5 9. exd5 Nxd5 10. Qb3 Na5 (10... Nce7 $6 {Schwarz seinerseits sollte dem Remis auch nicht ausweichen, denn Weiß kann in dem Fall eine gefährliche Initiative entwickeln.} 11. O-O O-O 12. Rfe1 c6 13. Ne4 Nb6 14. Bd3 Ned5 15. Nc5 $36 {Van den Doel - Sokolov (Leeuwarden, 2004)}) 11. Qa4+ Nc6 12. Qb3 $11) 5... a6 6. Bb3 O-O {Schwarz hat eine Menge an Möglichkeiten, das ist mehr oder weniger Geschmackssache. Mir gefällt der Zug 6....a7 besser.} (6... Ba7 $5 7. Nbd2 O-O 8. h3 (8. Nf1 Ng4 9. d4 exd4 10. cxd4 d5 $1 11. Bxd5 Nxd4 $3 12. Nxd4 c6 $44) 8... d6 9. Nf1 (9. O-O {führt zur Partiestellung.}) 9... d5 $3 {Mit Tempoverlust, aber trotzdem sehr stark.} 10. Qe2 (10. Ng3 dxe4 11. dxe4 Qxd1+ 12. Bxd1 Be6 $11) 10... Be6 11. Ng3 (11. Ng5 dxe4 $1 12. Nxe6 exd3 13. Nxd8 dxe2 14. Nxc6 exf1=Q+ 15. Rxf1 bxc6 16. Ba4 Rfd8 17. Bxc6 Rab8 $36) 11... dxe4 12. dxe4 Bxb3 13. axb3 Ne8 14. Nf5 Nd6 15. g4 Qf6 $11 {Bologan - Malakhov (Kemer, 2007)}) 7. O-O d6 (7... d5 $6 {Diesen Vorstoß muss man sehr gut vorbereiten, ansonsten bekommt man Schwierigkeiten mit dem e5-Bauern.} 8. exd5 Nxd5 9. Nbd2 (9. h3 $6 Nb6 10. Re1 h6 11. Nbd2 Qxd3 12. Nxe5 Qg3 13. Qf3 Qxf3 14. Ndxf3 $11 {Kramnik - Krasenkow (Wijk aan Zee, 2003)}) 9... Bg4 10. h3 Bh5 11. Ne4 Ba7 12. Ng3 Bg6 13. Bg5 Qd7 14. Nh4 Na5 15. Nxg6 hxg6 16. Bc2 $14 {Sanduleac - Daurelle (Creon, 2007)}) 8. h3 h6 9. Re1 Ba7 10. Nbd2 {Es gibt viele Zugfolgen, die zu dieser Stellung führen. Jetzt ist der entscheidende Moment, in dem Schwarz einen Plan auswählen muss.} Be6 $1 {Ich denke, das ist der beste Weg zum Ausgleich.} (10... Re8 11. Nf1 Be6 {ist genau so gut, weil es nur eine Zugumstellung ist.}) (10... Ne7 11. Nf1 Ng6 12. Ng3 Re8 13. d4 $14 {Hat Weiß es geschafft, das Zentrum d4-e4 aufzubauen, so hat er sich schon mal einen kleinen Vorteil gesichert. Natürlich ist die Stellung von Schwarz immer noch in Ordnung, aber es geht hier darum, ob Schwarz einen absoluten Ausgleich erreicht, oder nicht.}) (10... Nh5 11. Nf1 (11. Nxe5 $2 Nxe5 12. Qxh5 Nxd3 $15) 11... Qf6 12. Be3 Nf4 13. Ng3 g6 14. d4 $14 {Wieder hat Weiß das Zentrum unter Kontrolle genommen.}) 11. Bc2 (11. Nf1 Re8 12. Ng3 {Zieht Weiß den Läufer nicht zurück, so wird zu viel abgetauscht und die Stellung sehr vereinfacht.} d5 (12... Bxb3 13. Qxb3 Rb8 14. Nf5 d5 15. Qc2 Qd7 16. N3h4 Re6 17. Qe2 dxe4 18. dxe4 Rd8 19. Qf3 Qd3 $11 {Hamdouchi - Tkachiev (Cap d'Agde, 2002)}) 13. Bd2 dxe4 14. dxe4 Bxb3 15. Qxb3 Qd7 16. Rad1 Qe6 17. Qxe6 (17. Qxb7 $4 Bb6 $19) 17... Rxe6 18. Be3 Bxe3 19. Rxe3 g6 $11 {Petrosian - Kobalia (Kallithea, 2008)}) 11... Re8 12. Nh2 (12. Nf1 d5 13. exd5 Qxd5 14. Qe2 Rad8 15. Ng3 Bc5 $1 16. Nh4 Bf8 $132 {Radjabov - Aronian (Dresden, 2008). Mit der Überführung des Läufers nach f8 hat Schwarz die Lage seines Königs verbessert und hat die Möglichkeit, mittels g6 das Feld f5 unter Kontrolle zu nehmen.}) ({RR} 12. Nf1 d5 13. exd5 Bxd5 14. Ng3 Bc5 15. b4 Bf8 16. a4 b5 17. Be3 Qd7 18. Ne4 Qe6 19. Nfd2 Nd7 20. Ng3 Ne7 21. d4 Qc6 22. dxe5 Nxe5 23. Bd4 N7g6 24. axb5 axb5 25. Rxa8 Qxa8 26. Nde4 Nc4 {Alekseenko,K (2707)-Tabatabaei,M (2651) Linares 2022 ½-½ (45)}) ({RR} 12. Nf1 d5 13. exd5 Bxd5 14. Ng3 Qd6 15. Nh4 Ne7 16. Be3 Bxe3 17. Rxe3 Bc6 18. Ngf5 Nxf5 19. Nxf5 Qf8 20. d4 exd4 21. Qxd4 Rxe3 22. Qxe3 Bd7 23. Ne7+ Kh8 24. Re1 Re8 25. Qe5 Ng8 26. Qe4 Nf6 {Pruijssers,R (2540)-Ferreira,J (2525) Kirchweyhe GER 2024 ½-½}) 12... d5 13. Qf3 dxe4 $146 {Eine ruhigere Fortsetzung. Es ist nicht auszuschließen, dass Schwarz auch schon auf Konter spielen kann.} (13... d4 $5 14. Ndf1 Qe7 15. Ng3 Rad8 16. c4 b5 17. cxb5 Nb4 18. Bb1 axb5 19. a3 Na6 20. Nf5 Bxf5 21. Qxf5 Nc5 22. Bc2 Nb7 23. Qf3 c5 24. a4 b4 25. Nf1 c4 $1 26. dxc4 Nc5 $44 {Areshchenko - Azarov (Plovdiv, 2008)}) ({RR} 13... Nh7 14. Ndf1 Qf6 15. Qg3 d4 16. Nf3 Rad8 17. N1h2 b5 18. a3 Qg6 19. Ng4 Bxg4 20. hxg4 Ng5 21. Nh4 Qf6 22. Rf1 a5 23. Kh1 Ne6 24. Nf5 Bc5 25. Bb3 Rd7 26. c4 b4 27. Ba4 Ng5 28. f4 {Cornette,M (2530)-Romanov,E (2554) Moscow 2008 1-0 (57)}) ({RR} 13... d4 14. Ndf1 Qe7 15. Ng3 Rad8 16. c4 b5 17. cxb5 Nb4 18. Bb1 axb5 19. a3 Na6 20. Nf5 Bxf5 21. Qxf5 Nc5 22. Bc2 Nb7 23. Qf3 c5 24. a4 b4 25. Nf1 c4 26. dxc4 Nc5 27. Bd3 Nb3 28. Rb1 {Areshchenko,A (2650)-Azarov,S (2585) Plovdiv 2008 ½-½ (104)}) 14. dxe4 (14. Nxe4 {Je mehr Figuren getauscht sind, desto einfacher ist die Verteidigung für Schwarz.} Nxe4 15. dxe4 Ne7 16. Rd1 Qc8 17. Ng4 Ng6 $11) 14... Ne7 15. Ndf1 Ng6 16. Be3 (16. Ng3 $6 {Dieser Zug ist sinnlos, denn der Springer kann demnächst nicht nach f5 gehen.} c6 17. Rd1 (17. Nf5 $4 Bxf5 18. exf5 (18. Qxf5 Nh4 $19) 18... e4 19. Qe2 Nh4 $17) 17... Qa5 18. Bd2 (18. Bxh6 $4 Nh4 $19) (18. b4 Qc7 19. Ng4 Nxg4 20. hxg4 c5 $15) 18... Rad8 $15) 16... Bxe3 17. Nxe3 c6 $11 {Schwarz hat überhaupt kein Problem.} 18. Nf5 Bxf5 19. exf5 (19. Qxf5 $4 Nh4 $19) 19... Nf4 20. Rad1 Qc7 21. Ng4 N4h5 (21... Nxg4 {ist ebenfalls möglich, Weiß kann keinen Nutzen aus seiner augenblicklichen Initiative ziehen. Aber die Partiefortsetzung ist trotzdem besser.} 22. Qxg4 (22. hxg4 Nd5 $11) 22... Nd5 23. Bb3 Rad8 24. Bxd5 cxd5 25. f6 g6 26. Qh4 Qb6 $132) 22. Re3 Nxg4 23. hxg4 Nf6 {Der Springer auf f6 verhindert das gesamte weiße Spiel am Königsflügel.} 24. Qg3 Rad8 25. Rde1 Rd2 26. Bb3 Qd8 (26... Rxb2 $2 {Habgier wird bestraft.} 27. g5 $1 hxg5 28. Qxg5 {Der weiße Angriff ist sehr gefährlich.} Nh7 29. Qh4 Qe7 30. Qh5 Nf6 31. Rxe5 Qxe5 (31... Nxh5 32. Rxe7 Rxe7 33. Rxe7 $16) 32. Rxe5 Rxe5 33. Qxf7+ $16) 27. g5 (27. Rxe5 $5 {kam ebenfalls ins Betracht.} Rxe5 28. Qxe5 Rxb2 (28... Nxg4 29. Qe8+ Qxe8 30. Rxe8+ Kh7 31. f3 Nf6 32. Rf8 Nd5 33. Rxf7 b5 34. Bxd5 cxd5 35. Ra7 Rxb2 36. Rxa6 $14) 29. Rd1 Rd2 30. Rxd2 Qxd2 31. Qb8+ Kh7 32. Bxf7 Qe1+ 33. Kh2 Qe5+ 34. Qxe5 Nxg4+ 35. Kg3 Nxe5 36. Be6 Nd3 $11) 27... hxg5 28. Qxg5 Nd5 29. Qh5 Qf6 30. Rh3 {Weiß kann nur eine Mattdrohung aufstellen, Matt selbst kann er jedoch nicht geben.} Kf8 31. Qg4 (31. Qh8+ Ke7 32. Qh7 Kd6 $1 $15 {Der schwarze König wird sich auf c7 in Sicherheit fühlen, und die weißen Figuren haben alle nichts mehr zu tun.}) 31... Kg8 (31... Ke7 $2 {Das wäre zu frech...} 32. c4 (32. Rxe5+ Qxe5 33. Qg5+ Kd6 34. Qxd2 Qe1+ 35. Qxe1 Rxe1+ 36. Kh2 Re2 37. Rh7 Rxf2 38. Rxg7 Rxf5 $11) 32... Nb6 33. Rxe5+ Qxe5 34. Qg5+ f6 35. Qxd2 $16) 32. Qh5 Kf8 33. Qg4 Kg8 34. Qh5 1/2-1/2

[Event "Linares 26th"]
[Site "Linares"]
[Date "2009.03.01"]
[Round "9"]
[White "Dominguez Perez, Leinier"]
[Black "Carlsen, Magnus"]
[Result "0-1"]
[WhiteElo "2717"]
[BlackElo "2776"]
[Annotator "Rogozenco,Dorian"]
[PlyCount "108"]
[EventDate "2009.02.19"]
[EventType "tourn"]
[EventRounds "14"]
[EventCountry "ESP"]
[EventCategory "21"]
[SourceTitle "CBM 129"]
[Source "ChessBase"]
[SourceDate "2009.03.25"]
[SourceVersion "1"]
[SourceVersionDate "2009.03.25"]
[SourceQuality "1"]

1. e4 c5 2. Nf3 d6 3. d4 cxd4 4. Nxd4 Nf6 5. Nc3 g6 6. Be3 Bg7 7. f3 Nc6 8. Qd2 O-O 9. Bc4 Bd7 10. O-O-O Rb8 11. Bb3 Na5 (11... Ne5 12. f4 Neg4 13. h3 Nxe3 14. Qxe3 $14) 12. Bh6 {The Chinese Dragon (10...b8) is quickly developing and already has its own theory. Dominguez goes for the latest fashion, where Black was having troubles lately.} (12. g4 b5 13. Bh6 {is best answered with} Bxh6 14. Qxh6 {transposing to the game.}) (12. Kb1 b5 13. h4 Nc4 14. Bxc4 bxc4 {is no problem for Black.}) 12... Bxh6 13. Qxh6 b5 14. g4 {Designed to prevent the quick advance e7-e5. Other moves allow Black to combine conveniently the advances ...e5 and ...b4.} (14. h4 e5 15. Nde2 b4 {has been tested multiple times in practice and the assessment is that White has no advantage.}) 14... Nxb3+ (14... e5 $2 {runs into} 15. Nf5 $1 $16) 15. Nxb3 b4 ({RR} 15... Qc7 16. h4 e5 17. Qd2 b4 18. Nd5 Nxd5 19. Qxd5 Rfc8 20. Rh2 Rb6 21. h5 Be6 22. Qd3 Rc6 23. hxg6 fxg6 24. Rdh1 a5 25. Rxh7 Rxc2+ 26. Kb1 Qxh7 27. Rxh7 Kxh7 28. Qxc2 Rxc2 29. Kxc2 a4 30. Nc1 {Nyimas,S (1817)-Loganathan,D (1412) Penang MAS 2023 1-0 (39)}) 16. Nd5 Nxd5 ({RR} 16... e5 17. Ne3 Be6 18. h4 Kh8 19. Qg5 Rb6 20. Na5 Kg7 21. Nf5+ Bxf5 22. gxf5 Qc7 23. fxg6 fxg6 24. h5 Rc8 25. Rd2 Ra6 26. hxg6 h5 27. Nb3 Rxa2 28. Kb1 Ra6 29. Qf5 Qc4 30. Re1 Rc5 31. Rf2 {Kotronias,V (2599)-Ivanchuk,V (2764) Caleta 2011 0-1 (37)}) 17. exd5 Rb6 $1 {Most likely this game will change the evaluation of the entire line from better for White into perfectly acceptable for Black. The idea behind 17...b6 is to protect the d6=pawn, then play e7-e5 and recapture with the f-pawn on e6.} (17... Ba4 18. Nd4 Qa5 19. h4 $16 {½-½ Kritz,L (2609)-Jianu,V (2531)/Plovdiv 2008 (51)}) 18. Rhe1 $146 {A logical novelty: anticipating the advance of the e-pawn White brings his rook to the central file. Unfortunately for the Cuban Grandmaster he will soon fail to do the same with his queen, which will remain out of play on h6.} ({The only available game went} 18. h4 e5 19. dxe6 fxe6 20. Rd3 ({In the event of Khalifman's suggestion} 20. Qe3 {Black easily equalizes with} Qf6 21. Nc5 (21. Rh3 Qf4 $15) 21... dxc5 22. Rxd7 Ra6 (22... Qxf3 23. Qxf3 Rxf3 24. Rxa7 Rf7 25. Ra5 $14 {/=}) 23. Qh6 Qf4+ 24. Qxf4 Rxf4 25. Rd8+ Kg7 $11) 20... Bb5 21. Re3 e5 22. h5 g5 23. Qe6+ Kh8 24. Nd2 Bd7 25. Qd5 $13 {1-0 Maslak,K (2521)-Porat,M (2137)/Pardubice 2008 (55)}) ({RR} 18. h4 e5 19. dxe6 fxe6 20. Rd3 Bb5 21. Re3 e5 22. h5 g5 23. Qe6+ Kh8 24. Nd2 Bd7 25. Qd5 Qe7 26. Qa5 Be6 27. Ne4 Rc8 28. Rd1 Rcc6 29. Nxd6 Rxd6 30. Qxe5+ Kg8 31. Rxd6 Rxd6 32. h6 Kf7 {Maslak,K (2521)-Porat,M (2137) Pardubice 2008 1-0 (55)}) ({RR} 18. h4 e5 19. Nd2 f5 20. h5 g5 21. Nc4 fxg4 22. Nxb6 axb6 23. fxg4 Qf6 24. Qxf6 Rxf6 25. Rd3 Rf4 26. Rg1 h6 27. Rdg3 Kf7 28. Kd2 Rd4+ 29. Ke3 Ke7 30. c3 bxc3 31. bxc3 Rc4 32. Kd3 Bb5 {Loskutov,O (2383)-Sozin,S (2225) Tomsk 2013 1-0 (49)}) 18... e5 19. dxe6 fxe6 20. Re3 {The course of the game shows that leaving the queen on h6 is a little too ambitious.} (20. f4 $6 Qf6 21. Rd4 a5 $36) ({The main battlefield is the centre and therefore bringing back the queen comes into consideration. After} 20. Qd2 {the position would have remained double-edged. If} Rxf3 $6 {then} 21. Nd4 Rf6 22. g5 Rf7 23. Nxe6 $36) 20... Rf7 {Just in case, Carlsen takes control over the 7th file, protecting once more the pawn on h7.} 21. Nd2 {Provoking the advance of the d-pawn, which would weaken dark squares.} d5 {The most natural answer.} ({However, an interesting possibility was} 21... Ra6 {trying to exploit the temporary vulnerability of White's king. Dominguez had to find} 22. Kb1 ({worse is} 22. Ne4 d5 23. Ng5 Re7 24. Kb1 Qa5 25. a3 Qc5 $17) 22... Bc6 (22... Qa5 23. a3 $13) 23. Rxe6 Bd5 24. Re3 Bxa2+ 25. Kc1 Bd5 26. Ne4 Ra1+ 27. Kd2 Rxd1+ 28. Kxd1 {and White probably keeps the balance.}) 22. Nb3 {White has achieved his goal, but it turns out that he cannot make full use of the dark-squared weaknesses in Black's camp. The problem is that he must keep the knight to protect his king. Moreover, in order to control squares d4 and e5 White needs his queen too.} Qc7 23. Kb1 (23. h4 $5) ({After} 23. Nd4 {Black attacks the a2-pawn:} Ra6 (23... e5 $2 24. Rde1 $1) 24. Kb1 Qa5 (24... Qc4 $5) 25. a3 Rb6) 23... Rb8 24. Rde1 $6 {[%csl Rd4] Not sensing the danger. Dominguez wants to create pressure on the e-file, but he loses control over the d4-square. White has problems in the centre because besides controlling the dark squares he must also protect the weak pawns c2 and f3. His queen on h6 is basically doing nothing.} ({Now} 24. Nd4 {is met by} e5 $36) ({Correct was} 24. Qh4 Rbf8 25. Qf2 Rf4 26. Qe2 {and Black is only marginally better.}) 24... Rc8 25. R1e2 (25. Nd4 Rf4 26. Rd3 e5 $19) 25... Qb6 26. h4 {The battle in the centre is lost and there is no choice left.} (26. Rd2 Rcf8 27. Nd4 Rf4 $17) 26... d4 27. Re5 (27. Rd3 Bb5 $19) 27... d3 $1 28. cxd3 Rxf3 29. d4 $2 (29. h5 $2 Rxd3 30. Re1 Qf2 31. R5e2 Qxe2 $1 32. Rxe2 Rd1+ 33. Qc1 (33. Nc1 Bb5 $19 {[%cal Gb5d3]}) 33... Rcxc1+ 34. Nxc1 gxh5 35. gxh5 Rd5 $19) ({Again it was necessary to return with the queen} 29. Qd2 {although after} Bb5 30. R5e3 Rcf8 {There is no question about Black's advantage.}) 29... Bb5 {Including the bishop in the attack decides immediately.} 30. R2e3 ({Other moves lose quicker:} 30. Re1 Rxb3 $1 31. axb3 Bd3+ 32. Ka2 Qa6+) ({Or} 30. Rxe6 Qxe6 31. Rxe6 Bd3+ 32. Ka1 Rf1+) 30... Bd3+ 31. Ka1 Qxd4 {Nice, but not the most precise.} (31... Rf2 $1 {wins by force:} 32. Re1 (32. h5 Qxd4 $19) (32. Rxe6 Qxe6 33. Rxe6 Rf1+) 32... Rxb2 $1 33. Kxb2 Rc2+ 34. Ka1 Qc6 $1 {[%cal Gc6c3]} 35. Rc5 (35. Nc5 Qg2 $19) 35... Rxa2+ 36. Kxa2 Qa4+ 37. Kb2 Qa3#) (31... Rf1+ $2 {on the other hand throws the advantage away} 32. Re1) 32. Rxe6 (32. Nxd4 $2 Rc1#) 32... Rf1+ 33. Re1 Qxg4 34. Rxf1 Qxe6 35. Nc5 Qe2 36. Rc1 Bf5 $17 {/-+} 37. Qf4 a5 38. h5 Qe7 39. Qc4+ ({With little time both players missed that after} 39. hxg6 $1 {Black cannot take the knight:} Rxc5 $2 {due to} (39... hxg6 40. Qc4+ {and here} Be6 {is not as strong as in the game:} 41. Qd4 Qg5 $2 42. Rh1 $1) 40. gxh7+ Kxh7 41. Qh2+ Kg8 (41... Bh3 $8 42. Qxh3+ Kg7 43. Rg1+ Rg5 44. Rh1 {and Black still needs a lot of precision to defend}) 42. Qg1+ $18 {Therefore instead of 39...c5 Black should play 39...hxg6 40.c4+ e6 but then after 41.d4 White still can put up a stubborn resistance, since, in opposition to the game, the open h-file makes a big difference and 41...g5 is not so good due to 42.h1 with White's counterplay.}) 39... Be6 40. Qc2 (40. Qd4 Qg5 $19) 40... Qg5 41. hxg6 hxg6 $19 {The time-trouble is over and Black is completely winning thanks to the pin on the c-file.} 42. a3 bxa3 43. Qc3 axb2+ (43... Qd5 44. b3 a4 $19) 44. Kxb2 Qd5 45. Rc2 a4 46. Ka1 a3 47. Qe3 Bf7 48. Qc3 g5 49. Qe3 Re8 50. Qc3 Re2 51. Nb3 (51. Rxe2 Qd1+) 51... Rxc2 52. Qxc2 Qe5+ 53. Kb1 Kg7 54. Qd2 Bxb3 0-1